| 000 | 00367nam a22001337a 4500 | ||
|---|---|---|---|
| 008 | 230620b xxu||||| |||| 00| 0 eng d | ||
| 082 |
_a320.9 _bCRO |
||
| 100 | _cRob Jenkins | ||
| 245 |
_aCommonwealth & Comparative Politics _bSpecial Issue on Where Development Meets History |
||
| 260 |
_bRoutledge _c2006 |
||
| 300 | _a165p | ||
| 440 | _vVolume 44 | ||
| 942 |
_2ddc _cBK |
||
| 999 |
_c1526 _d1526 |
||